000 00742nam a2200253Ia 4500
003 OSt
005 20220918182357.0
006 a|||||r|||| 00| 0
007 ta
008 220917b |||||||| |||| 00| 0 eng d
024 _a32,183
037 _cTextual
040 _aARTS
_cARTS
_beng
041 _2eng
_aeng
082 _aO111,1L96:gK, K8
100 _aBrinkley Roberta Florence ed
_960147
245 0 _aColeridge on the seventeenth century
260 _aNew York
_bGreenwood Press USA
_c1968
300 _axxxviii,704p.
_ccm.
500 _aAppendix 683-94p
650 _aENGLISH LITERATURE; CRITICISM
_912992
942 _hO111,1L96:gK, K8
_cTEXL
_2CC
999 _c168756
_d168756